Normal view
MARC view
- Fernández Alatorre, Ana Corina
Entry Nombre Personal
001 - NUMERO DE CONTROL
- campo de control: 37830
003 - IDENTIFICADOR DE NUMERO DE CONTROL
- campo de control: DLC
005 - FECHA Y HORA DE LA ÜLTIMA TRANSACCIÓN
- campo de control: 20220329134041.0
008 - DATOS DE LONGITUD FIJA
- campo de control de longitud fija: 071122n| acannaabn a aaa c
010 ## - NÚMERO DE CONTROL DE LA BIBLIOTECA DEL CONGRESO
- Número de control LC: no2007148430
035 ## - NUMERO DE CONTROL
- Número de control: (OCoLC)oca07598186
040 ## - FUENTE DE CATALOGACIÓN
- Agencia original de catalogación: MX-MxITA
- Lenguaje de catalogación: spa
- Agencia de transcripción: MX-MxITA
- Agencia que lo modifica: MX-MxUPN
100 1# - ENCABEZAMIENTO - NOMBRE PERSONAL
- Nombre personal: Fernández Alatorre, Ana Corina
375 ## - GÉNERO
- Gender: femenino
377 ## - LENGUA ASOCIADA
- Language code: spa
400 1# - VEÁSE - NOMBRE DE PERSONA
- Personal name: Alatorre, Ana Corina Fernández
670 ## - FUENTE EN LA QUE SE LOCALIZARON DATOS
- Cita de la fuente: Jóvenes y ciudadanía, 2006:
- Información localizada: portada (Ana Corina Fernández Alatorre)
